|
|
|
|
| LEADER |
00000nab a2200000 a 4500 |
| 001 |
vtls001488657 |
| 003 |
SK-MaSNL |
| 005 |
20260426071841.0 |
| 008 |
050114c2004 xo sr|p|||||||000 b|slo |
| 015 |
|
|
|a SNBRB2005/01
|2 snkbucl
|
| 038 |
|
|
|a SNKBUCL
|
| 040 |
|
|
|a SNKBUCL
|b slo
|c SNKBUCL
|e AACR2
|
| 041 |
0 |
|
|a slo
|
| 044 |
|
|
|a xo
|c SK
|
| 080 |
|
|
|a 338.1
|x (437.6)
|2 UDC-MRF-SK2
|
| 080 |
|
|
|a 362
|x (437.6)
|2 UDC-MRF-SK2
|
| 080 |
|
|
|a 308
|x (437.6)
|2 UDC-MRF-SK2
|
| 100 |
1 |
|
|a Zachar, Dušan
|c (ekonóm)
|4 aut
|9 395960
|
| 245 |
1 |
0 |
|a Najvyššie hodnotenie od volieb
|b v starostlivosti o zdravie občanov musí hrať významnejšiu úlohu vlastná prevencia
|c Dušan Zachar
|
| 300 |
|
|
|b Graf, tab.
|
| 648 |
|
7 |
|a 2004, 3. štvrťrok
|2 snkbucl
|9 1326626
|
| 650 |
0 |
7 |
|a ekonomika
|2 snkbucl
|9 789
|
| 650 |
0 |
7 |
|a sociálna sféra
|2 snkbucl
|9 284158
|
| 650 |
0 |
7 |
|a rating
|2 snkbucl
|9 13255
|
| 651 |
|
7 |
|a Slovensko
|2 snkbucl
|9 14231
|
| 773 |
0 |
|
|t Verejná správa
|g Roč. 59, č. 25-26 (2004), s. 36-37
|x 1335-7883
|
| 852 |
|
|
|a SNK
|b KIS3GCP
|
| 999 |
|
|
|c 2682721
|d 2684651
|